000 00303nam a22001337a 4500
008 171124b xxu||||| |||| 00| 0 eng d
020 _a9780275971205
041 _aeng
080 _a32
100 _a21
101 _aPOL
245 _aTHE 2000 PRESIDENTIAL CAMPAING
_cROBER.E.D
942 _2udc
_cBK
999 _c38514
_d38514